000 01021cab a2200301 4500
001 ABS60193
008 090401t1999 xxu||||| |||| 00| 0 eng d
035 _a(Sirsi) u99755
041 _aeng
100 _aWalker, A.
245 _aRecovery and compensation
260 _c1999
350 _a0
490 _aProperty Week
_v64(9) 5 March 1999, 70-71(2)
520 _aAnalyses case law relating to the recovery of money paid under a mistake, compensation payable to a landlord on disclaimer of a lease, and the return of goods after forfeiture of a lease.
650 _aCHRISTOPHER MORAN HOLDINGS LTD V BAIRSTOW AND ANOTHER
650 _aCLARENCE CAFE LTD V COMCHESTER PROPERTIES LTD
650 _aDISCLAIMER LEASES
650 _aFORFEITURE
650 _aLEASES
650 _aMONEY PAID UNDER A MISTAKE
650 _aNURDIN AND PEACOCK PLC V D B RAMSDEN AND CO LTD
650 _aTOOR V BASSI
690 _aPROPERTY-LANDLORD AND TENANT
700 _aDutton, T.
942 _n0
948 _c08/03/1999
999 _c59988
_d59988